000
00245nam a22001097a 4500
008
131217t xxu||||| |||| 00| 0 eng d
020
_a
0-09-945788-1
100
_a
John Grisham
_9
457
245
_a
The Runaway Jury
300
_a
340
942
_2
ddc
_c
BK
999
_c
16728
_d
16728